A fondo. Microsoft SQL Server 7.0

محفوظ في:
التفاصيل البيبلوغرافية
المؤلفون الرئيسيون: Soukup, Ron (مؤلف), Delaney, Kalen (مؤلف)
التنسيق: كتاب
اللغة:الإسبانية
منشور في: Madrid McGraw-Hill 1999
سلاسل:Serie de Programación Microsoft
الموضوعات:
الوسوم: إضافة وسم
لا توجد وسوم, كن أول من يضع وسما على هذه التسجيلة!

MARC

LEADER 00000nam a2200000 a 4500
001 UCO3383
003 CL-VaPUC
008 000720e19990000SP |||||||||||||||||spa|d
082 0 4 |a 005.3  |b SOU  |2 21 
100 0 |a Soukup, Ron  |e author  |9 447548 
700 0 |a Delaney, Kalen  |e author  |9 447549 
245 1 0 |a A fondo. Microsoft SQL Server 7.0 
300 |a 905 p 
942 |c BK 
945 |d 20000720 00:00:00  |a cmena 
260 |a Madrid  |b McGraw-Hill  |c 1999 
650 7 |a PROGRAMAS DE COMPUTADOR  |2 CL-VaPUC  |9 262390 
650 0 |a Bases de datos   |9 260577 
650 7 |a SQL SERVER 7.0  |2 CL-VaPUC  |9 447550 
650 0 |a Software  |9 387312 
583 |a last modification  |c 20000720 00:00:00  |k Rodrigo Vera 
490 0 |a Serie de Programación Microsoft 
999 |c 289838  |d 289836